Ontem e hoje (Registo nº 4683)

Detalhes MARC
000 -Etiqueta do registo
Cabeçalho 00629nam0a2200205 4500
005 - Identificador da versão
Campo de controlo 20240813122109.0
100 ## - Dados gerais de processamento
Dados gerais de processamento 20190603d1996 m y0pory5003 ba
102 ## - Pais de publicação ou produção
País de publicação Portugal
101 0# - Língua de publicação
Língua do texto, banda sonora, etc. Português
215 ## - Descrição física 
Indicação específica da natureza do documento e extensão da espécie 109 p.
200 1# - Titulo e menção de responsabilidade
Título próprio Ontem e hoje
Informação de outro título poesias
Primeira menção de responsabilidade Maria de Fátima dos Santos Nicolau
210 ## - Publicação, Distribuição, etc. 
Lugar da edição, distribuição, etc. Mangualde
Nome do editor, distribuidor, etc. Câmara Municipal
-- Associação Cultural Azurara da Beira
Data da publicação, distribuição, etc. 1996
606 ## - Nome comum usado como assunto
Número de registo de entrada de autoridade 0001358
Palavra de ordem Literatura portuguesa
Subdivisão de assunto Poesia
Código do sistema CA
675 ## - Classificação Decimal Universal (CDU)
Notação 821.134.3-1
Edição 3ª ed.
Língua da edição por
700 #1 - Nome de autor-pessoa física (responsabilidade principal)
Número de registo de entrada de autoridade 0002152
Palavra de ordem Nicolau
Outra parte do nome não tomada para palavra de ordem Maria de Fátima dos Santos
966 ## - Identificação da Biblioteca
Sigla EBVEN
942 ## - Elementos de entrada adicionados (Koha)
Tipo de item no Koha Livro
Exemplares
Situação do levantamento Origin of item (home branch) (coded) Biblioteca de empréstimo Código de barras Cota Circulation type (not for loan) Tipo de documento Nota do exemplar Damaged status
  Biblioteca Escolar das Vendas Biblioteca Escolar das Vendas BEV401 8POR NIC   Livro Sem mensagem